Countries Containing K - Statistics

General Stats
  • This quiz has been taken 378 times
  • The average score is 17 of 20
Answer Stats
Country % Correct
Kazakhstan
93%
Kosovo
92%
Turkey
92%
Turkmenistan
91%
Kuwait
90%
Kyrgyzstan
90%
United Kingdom
90%
Kiribati
89%
Pakistan
89%
Uzbekistan
88%
Kenya
87%
North Korea
87%
South Korea
87%
Tajikistan
86%
Ukraine
83%
Slovakia
80%
St Kitts and Nevis
80%
Denmark
78%
Burkina Faso
76%
Sri Lanka
63%
No matching quizzes found
Score Distribution
Percent of People with Each Score
Percentile by Number Answered
Your Score History
You have not taken this quiz